Man and nature : IInd International Conference of the International Society for Metaphysics, January 7-12, 1976, Visva-Bharati, Santiniketan, West Bengal, India /

Bibliographic Details
Corporate Authors: International Society for Metaphysics. International Conference, International Society for Metaphysics
Other Authors: McLean, George F.
Format: Book
Language:English
Published: Calcutta : Published for International Society for Metaphysics Oxford University Press, [1978]
Subjects:

MARC

Tag First Indicator Second Indicator Subfields
LEADER 00000cam a2200000 a 4500
001 in00000086465
005 20151008064521.0
008 791012s1978 ii b 10010 engm
010 |a  79111312  
020 |c Rs45.00 
035 |a (OCoLC)05679901 
035 |9 AAK4322AM 
040 |a DLC  |c DLC  |d m.c.  |d TXA  |d UtOrBLW 
043 |a a-ii--- 
049 |a TXAM  |c [1804987] 
050 0 0 |a BD581  |b .I57 1976 
082 0 |a 113 
110 2 |a International Society for Metaphysics.  |b International Conference  |n (2nd :  |d 1976 :  |c Visva-Bharati, India) 
245 1 0 |a Man and nature :  |b IInd International Conference of the International Society for Metaphysics, January 7-12, 1976, Visva-Bharati, Santiniketan, West Bengal, India /  |c edited by George F. McLean. 
264 1 |a Calcutta :  |b Published for International Society for Metaphysics Oxford University Press,  |c [1978] 
264 4 |c ©1978 
300 |a xvi, 240 pages ;  |c 23 cm. 
336 |a text  |b txt  |2 rdacontent 
337 |a unmediated  |b n  |2 rdamedia 
338 |a volume  |b nc  |2 rdacarrier 
504 |a Includes bibliographical references. 
650 0 |a Philosophy of nature  |v Congresses. 
650 0 |a Human beings  |v Congresses. 
650 0 |a Metaphysics  |v Congresses. 
650 0 |a Philosophy, Indic  |v Congresses. 
700 1 |a McLean, George F. 
710 2 |a International Society for Metaphysics. 
999 |a MARS 
999 f f |s 70dbca30-8083-3282-9a58-3906faf1dafd  |i da09f56a-a611-3ca6-9dc4-06e2b37d60bc  |t 0 
952 f f |p ric  |a Texas A&M University  |b Rellis Campus  |c Joint Library Facility  |d Remote Storage  |t 0  |e BD581 .I57 1976  |h Library of Congress classification  |i unmediated -- volume  |m A14806086027 
998 f f |a BD581 .I57 1976  |t 0  |l Remote Storage